000 00602nam a22002057a 4500
003 OSt
005 20140310181937.0
008 130724t xxu||||| |||| 00| 0 eng d
020 _a0590433466
050 _aPZ 7
_b.B964 [ca. 1990]
082 _aCLA
_bB93s 19--
100 _aBurnett, Frances Hodgson
_93271
245 _aThe Secret garden /
_cFrances Hodgson Burnett.
260 _aNew York :
_bScholastic Inc,
_c19--
650 _aSecrets
_xFiction
_93463
650 _aChild stories
_93464
650 _aHappiness
_xFiction
_93465
700 _aBurnett, Frances Hodgson
_93271
942 _2lcc
_cBBK
_kCLA
999 _c7575
_d7575